000 00994cam a2200241 4500
001 WB3801-29
008 020110n2002 000 0 eng u
035 _a(Sirsi) u116223
245 _aHousing statistics 2001
260 _c2002
490 _aDTLR News Release
_v20 December 2001, (2)
520 _aDTLR has published "Housing Statistics 2001", an annual compendium of housing statistics in England. Where consistent data is available, tables also cover Great Britain and the United Kingdom. The compendium provides statistical data on a wide range of issues including housing stock, housebuilding, housing renewal, homelessness, finance and rents. For details of DTLR housing statistics visit: http://www.housing.dtlr.gov.uk/research/hss/index.htm
590 _aWB
650 _aDTLR
650 _aSTATISTICS
650 _aHOUSING STOCK
650 _aHOUSE BUILDING
650 _aHOMELESSNESS
650 _aFINANCE
650 _aRENTS
690 _aHOUSING
942 _n0
999 _c69242
_d69242